[Event "Montigny le Bretonneux Noel op 04th"]
[Site "Montigny le Bretonneux"]
[Date "2001.12.31"]
[Round "7.9"]
[White "Thomas, Cedric"]
[Black "Birebent, Guy"]
[Result "1-0"]
[WhiteElo "1499"]
[BlackElo "1740"]
[PlyCount "59"]
[EventDate "2001.12.26"]
[EventType "swiss"]
[EventRounds "7"]
[EventCountry "FRA"]
[SourceTitle "EXT 2003"]
[Source "ChessBase"]
[SourceDate "2002.11.25"]
[SourceVersion "1"]
[SourceVersionDate "2002.11.25"]
[SourceQuality "1"]

1. e4 c5 2. c3 e6 3. d4 cxd4 4. cxd4 Bb4+ 5. Nc3 Nc6 6. Nf3 Nge7 7. Bd3 Ng6 8. 0-0 0-0 9. Be3 Nce7 10. Rc1 d6 11. Qb3 Bxc3 12. Rxc3 Nc6 13. Rfc1 Nge7 14. Bg5 h6 15. Bxe7 Nxe7 16. Bb1 Nc6 17. e5 d5 18. Qc2 g6 19. h4 f5 20. exf6 Rxf6 21. Qd2 Qf8 22. Ne5 Ne7 23. Rc7 Nf5 24. Qc3 Ne7 25. f3 Kg7 26. Qc5 Rf7 27. Nxf7 Kxf7 28. Bxg6+ Kf6 29. Bh5 b6 30. Qd6 1-0

[Event "Montigny le Bretonneux Noel op 04th"]
[Site "Montigny le Bretonneux"]
[Date "2001.12.30"]
[Round "6.10"]
[White "Couronne, Patrice"]
[Black "Thomas, Cedric"]
[Result "1/2-1/2"]
[WhiteElo "1680"]
[BlackElo "1499"]
[PlyCount "118"]
[EventDate "2001.12.26"]
[EventType "swiss"]
[EventRounds "7"]
[EventCountry "FRA"]
[SourceTitle "EXT 2003"]
[Source "ChessBase"]
[SourceDate "2002.11.25"]
[SourceVersion "1"]
[SourceVersionDate "2002.11.25"]
[SourceQuality "1"]

1. e4 d6 2. d4 Nf6 3. Nc3 g6 4. Bg5 Bg7 5. Qd2 c6 6. 0-0-0 0-0 7. Bh6 b5 8. Bd3 a6 9. h4 e5 10. dxe5 dxe5 11. Bg5 h5 12. f3 Nbd7 13. g4 Qc7 14. Qg2 Bb7 15. Nh3 b4 16. Na4 c5 17. b3 Bc6 18. Nb2 Bb5 19. Rd2 Bxd3 20. cxd3 Rfc8 21. Rc2 Qd6 22. Nc4 Qc7 23. Rg1 a5 24. Nb2 Qd6 25. Qd2 Kh7 26. Kb1 Qe6 27. Nf2 Qd6 28. Nfd1 Nb6 29. Ne3 a4 30. Nbc4 Nxc4 31. Nxc4 Qe6 32. Ne3 axb3 33. Rb2 bxa2+ 34. Rxa2 Qb3+ 35. Rb2 Qa4 36. Ra2 Qb3+ 37. Rb2 Qa4 38. Kc1 b3 39. Kd1 Qa1+ 40. Qc1 Qxc1+ 41. Kxc1 Rcb8 42. Kd2 Nd7 43. gxh5 f6 44. hxg6+ Kh8 45. Nf5 fxg5 46. Nxg7 Kxg7 47. Rxg5 Ra2 48. Kc3 Rxb2 49. Kxb2 Rf8 50. Rf5 Kxg6 51. Rg5+ Kh6 52. Rg3 Rf7 53. Kxb3 Kh5 54. Kc4 Kxh4 55. Rg1 Rxf3 56. Rg7 Nf8 57. Re7 Ng6 58. Rc7 Nf4 59. Rxc5 Nxd3 1/2-1/2

[Event "Montigny le Bretonneux Noel op 04th"]
[Site "Montigny le Bretonneux"]
[Date "2001.12.26"]
[Round "1.9"]
[White "Thomas, Cedric"]
[Black "Etrog, Jonathan"]
[Result "0-1"]
[WhiteElo "1499"]
[BlackElo "1880"]
[PlyCount "44"]
[EventDate "2001.12.26"]
[EventType "swiss"]
[EventRounds "7"]
[EventCountry "FRA"]
[SourceTitle "EXT 2003"]
[Source "ChessBase"]
[SourceDate "2002.11.25"]
[SourceVersion "1"]
[SourceVersionDate "2002.11.25"]
[SourceQuality "1"]

1. e4 d6 2. d4 Nf6 3. Nc3 c6 4. a4 Qa5 5. f3 e5 6. Bc4 Qb4 7. dxe5 dxe5 8. Bb3 Be7 9. Be3 Nbd7 10. Qc1 0-0 11. Nge2 Nc5 12. Ba2 Ne6 13. 0-0 Bc5 14. Nd1 Rd8 15. c3 Qb6 16. b4 Bxe3+ 17. Qxe3 Rxd1 18. Qxb6 Rxf1+ 19. Rxf1 axb6 20. Bb3 Nf4 21. Nxf4 exf4 22. Rd1 Be6 0-1